000 00526nam a2200181Ia 4500
008 100917s9999 xx 000 0 und d
082 _b39689
100 _aदांडेकर मालती
245 _aशूरा मी वंदिले
260 _bविशाखा प्रकाशन
_c1977
300 _a128
365 _b10
520 _aकथा
630 _aशूरा मी वंदिले
650 _aकथा
730 _aशूरा मी वंदिले
942 _cBOOK
999 _c645083
_d645080